[Event "Florianopolis op 9th"]
[Site "Florianopolis"]
[Date "2023.01.28"]
[Round "9"]
[White "Stival da Silva, Javier Rodrigo"]
[Black "Silva, Janderson Rossi Da"]
[Result "1-0"]
[WhiteElo "1640"]
[BlackElo "1883"]
[PlyCount "43"]
[EventDate "2023.01.23"]
[EventType "swiss"]
[EventRounds "10"]
[EventCountry "BRA"]
[SourceTitle "CBM 212 Extra"]
[Source "ChessBase"]
[SourceDate "2023.03.31"]
[SourceVersion "1"]
[SourceVersionDate "2023.03.31"]
[SourceQuality "1"]

1. e4 c5 2. Nf3 d6 3. d4 cxd4 4. Nxd4 Nf6 5. Nc3 a6 6. f4 e6 7. Qf3 e5 8. Nf5 b5 9. Bd3 Nbd7 10. 0-0 Bb7 11. Kh1 g6 12. Ne3 Bg7 13. f5 0-0 14. Ned5 Nxd5 15. Nxd5 Bxd5 16. exd5 Re8 17. fxg6 fxg6 18. Bxg6 hxg6 19. Qf7+ Kh8 20. Rf3 Nf8 21. Rh3+ Nh7 22. Qxg6 1-0